Central Library OPAC University of Rajshahi

Martin's physical pharmacy and pharmaceutical sciences : (Record no. 68180)

MARC details
000 -LEADER
fixed length control field 01078nam a2200289 a 4500
001 - CONTROL NUMBER
control field 68180
003 - CONTROL NUMBER IDENTIFIER
rucl marc code BD-RjUL
005 - DATE AND TIME OF LATEST TRANSACTION
control field 20211209081735.0
008 - FIXED-LENGTH DATA ELEMENTS--GENERAL INFORMATION
fixed length control field 050827r20112006n a b 001 0 eng
020 ## - INTERNATIONAL STANDARD BOOK NUMBER
International Standard Book Number 9780781797665
035 ## - SYSTEM CONTROL NUMBER
System control number (BD-RjUL)68390
040 ## - CATALOGING SOURCE
Original cataloging agency DNLM/DLC
Transcribing agency DLC
Modifying agency NLM
-- BAKER
-- C#P
-- UKM
-- DLC
-- BD-RjUL
Language of cataloging eng
041 ## - LANGUAGE CODE
Language code of text/sound track or separate title eng
082 00 - DEWEY DECIMAL CLASSIFICATION NUMBER
Edition number 23
Classification number 615.19
Author mark and year MAR 2011
245 10 - TITLE STATEMENT
Title Martin's physical pharmacy and pharmaceutical sciences :
Remainder of title physical chemical and biopharmaceutical principles in the pharmaceutical sciences /
250 ## - EDITION STATEMENT
Edition statement 6th ed.
260 ## - PUBLICATION, DISTRIBUTION, ETC. (IMPRINT)
Place of publication, distribution, etc. Philadelphia :
Name of publisher, distributor, etc. Lippincott Williams & Wilkins,
Date of publication, distribution, etc. c2006 [rerinted 2011]
300 ## - PHYSICAL DESCRIPTION
Pagination viii, 659 p. :
Illustrations ill. ;
Size 29 cm.
504 ## - BIBLIOGRAPHY, ETC. NOTE
Bibliography, etc Includes bibliographical references and index.
650 #0 - SUBJECT ADDED ENTRY--TOPICAL TERM
Topical term or geographic name as entry element Pharmaceutical chemistry.
9 (RLIN) 202105
Topical term or geographic name as entry element Chemistry, Physical and theoretical.
9 (RLIN) 202106
Topical term or geographic name as entry element Chemistry, Pharmaceutical.
9 (RLIN) 201387
Topical term or geographic name as entry element Chemistry, Physical.
9 (RLIN) 202107
700 1# - ADDED ENTRY--PERSONAL NAME
Personal name Sinko, Patrick J.
Personal name Martin, Alfred N.
942 ## - ADDED ENTRY ELEMENTS (KOHA)
Source of classification or shelving scheme Dewey Decimal Classification
Koha item type Books
Holdings
Lost status Source of classification or shelving scheme Damaged status Not for loan Collection code Permanent Location Current Location Shelving location Date acquired Source of acquisition Cost, normal purchase price Total Checkouts Full call number Date last seen Copy number Koha item type
  Dewey Decimal Classification   Not For Loan Non-fiction Central Library, University of Rajshahi Central Library, University of Rajshahi Reading Room 12/03/2011 Paragon Enterprise ltd., Dhaka 1195.00   615.19 MAR 2011 30/03/2017 C-1 Books